000 00294nam a22001337a 4500
008 170324b xxu||||| |||| 00| 0 eng d
020 _a9780815120278
041 _aeng
080 _26 ED
_a615.83
100 _a8
101 _aSHM
245 _aSPORT IN SOCIETY
_cCOAKLEY.J.J
942 _2udc
_cBK
999 _c8539
_d8539